| 000 | 00936nas a2200289 4500 | ||
|---|---|---|---|
| 001 | BR2017001577 | ||
| 003 | BR-BrBNA | ||
| 005 | 20231205130952.0 | ||
| 007 | ta | ||
| 008 | 230509b bl.|||p| |||| 00| 00por d | ||
| 040 |
_aBR-BrBNA _bpor _cBiblioteca Nacional de Agricultura |
||
| 041 | _a(Pt) | ||
| 072 | _aF02 | ||
| 100 | 1 | _aSoares, B. de O. | |
| 100 | 1 | _aMiranda, V.S. | |
| 245 | 1 | _aEnraizamento in vitro e aclimatização ex vitro de cultivares de citros | |
| 650 | _aLARANJA | ||
| 650 | _aCITRICULTURA | ||
| 650 | _aMICROPROPAGAÇÃO | ||
| 650 | _aREGULADOR DE CRESCIMENTO | ||
| 650 | _aENRAIZAMENTO | ||
| 650 | _aBIOTECNOLOGIA | ||
| 773 | 0 |
_tRevista de Ciências Agrárias (Brazil) _xISSN 2177-8760 _g(Apr-Jun 2016), v. 59(2) p. 144-151 _wBR2017001577 |
|
| 856 | 4 | 0 | _uhttps://periodicos.ufra.edu.br/index.php?journal=ajaes page=issue op=archive |
| 909 |
_a202311 _bLúcia _c55 _dLúcia Elande |
||
| 942 |
_2AGRIS _n0 _cANA |
||
| 999 |
_c252343 _d252343 |
||